Pracovisko na meranie prietoku

Uložené v:
Podrobná bibliografia
Hlavný autor: Babiak, Miloš (Autor)
Ďalší autori: Balogh, Richard, 1969- (Vedúci práce)
Médium: Rukopis Kniha
Jazyk:Slovak
Vydavateľské údaje: Bratislava : STU v Bratislave FEI, 2001
Predmet:
Tagy: Pridať tag
Žiadne tagy, Buďte prvý, kto otaguje tento záznam!

MARC

LEADER 00000ntm a22000003a 4500
001 stu73487
005 20160719164801.9
008 020130s2001------------------------slo-d
040 |a STU  |b slo 
041 0 |a slo 
100 1 |a Babiak, Miloš  |4 aut 
245 1 |a Pracovisko na meranie prietoku 
260 |a Bratislava :  |b STU v Bratislave FEI,  |c 2001 
300 |a 56 s 
650 7 |a automatizácia  |2 stusub 
700 1 |a Balogh, Richard,  |d 1969-  |4 ths  |u E010  |T FEI Ústav riadenia a priemyselnej informatiky  |X 3706  |U E010  |Y E010  |7 A000003706